000 00332nam a22001457a 4500
003 SGT
020 _a9780195653021
082 _a320
_bN98H
100 _aHEEHS, PETER
245 _aNATIONALISM, TERRORISM, COMMUNALISM
260 _bOXFORD UNIVERSITY PRESS
_c1998
300 _a174
650 _aPOLITICAL SCIENCE
942 _2ddc
_cBK
999 _c28718
_d28718